| 000 | 00894nam a2200241Ia 4500 | ||
|---|---|---|---|
| 003 | GCL | ||
| 008 | 140319s9999 xx 000 0 ara d | ||
| 040 |
_aGCL / _cGCL |
||
| 082 | 0 | 4 |
_a938.05 _bث ت |
| 100 | 1 | _aثيوسيديديس | |
| 245 | 1 | 0 |
_aتاريخ الحرب البيلوبونيزية : _bلثوسيديديس الاثينى (توفى بعد 400 ق.م ) / _cثيوسيديديس |
| 700 | 1 | _aدينا الملاح | |
| 700 | 1 | _aعمرو الملاح | |
| 250 | _aالاولى | ||
| 260 |
_aالامارات : _bالمجمع الثقافى ، _c2003 |
||
| 300 |
_a726 ص ؛ _c24 سم |
||
| 650 | 0 | 4 | _aاليونان |
| 650 | 0 | 4 | _aالحضارة الاغريقية |
| 650 | 0 | 4 | _aاليونان - تاريخ |
| 650 | 0 | 4 | _aالحرب البيلوبونيزية |
| 650 | 0 | 4 | _aاليونان القديمة - تاريخ - الحرب البيلوبونيزية |
| 942 |
_2ddc _cBK |
||
| 999 |
_c8245 _d8245 |
||